000 01285nam a2200325 c 4500
003 BLK
005 20230805102019.0
008 180409b bul|||||r ||||||| ||bul||
010 _aKNG00101203000
020 _a954-733-258-9
_bиздат.: Прозорец
040 _aBLK
041 _aBUL
_cBUL
080 _aАмериканска литература (на САЩ)
_b821.111(73)
_x-311.6
_z821.111(73)-311.6
100 1 _aВидал, Гор
_eпърви автор
_9372312
700 1 _aТалев, Павел
_eпрев. от англ.
_9364722
139 _aВидал, Гор
_bВ 57
245 1 0 _aЗлатният век
_bРоман
_cГор Видал; прев. от англ. Павел Талев.
257 _aUSA
260 София
_bПрозорец
_c2002
_fСофия : Инвестпрес
300 _a576 с.
_c20 см
380 _aX
500 _aОриг. загл. The Golden Age / Gore Vidal. - Кн. последна от поредицата Американски хроники.
653 _aисторически романи
852 _aЦб 211387
856 4 _qpdf
_u
856 4 _qpdf
_u
942 _cKNG
_n0
_07
944 _aCR
_c01.01.2002
_lЦветомила Тодорова
_k30576
944 _aED
_c05.03.2014
_lф /
_k
999 _c96310
_d96310